Ekonomická analýza systému odvětví kultury Dílčí výstup. SPZV IX-8-2/05. Úloha ekonomiky v oblasti kultury

Na minha lista:
Detalhes bibliográficos
Formato: Livro
Idioma:tcheco
Publicado em: Praha Ústav pro výzkum kultury 1989
Tags: Adicionar Tag
Sem tags, seja o primeiro a adicionar uma tag!

MARC

LEADER 00000nam a2200000 4500
001 c034987
005 20251111085439.3
041 0 |a cze 
044 |a CZ 
245 1 0 |a Ekonomická analýza systému odvětví kultury  |b Dílčí výstup. SPZV IX-8-2/05. Úloha ekonomiky v oblasti kultury 
264 1 |a Praha  |b Ústav pro výzkum kultury  |c 1989 
300 |a 144 s.